[Event "PERLA BALTYKU"]
[Site "Lazy"]
[Date "2013.07.01"]
[Round "2.4"]
[White "Majdan-Gajewska, Joanna"]
[Black "Poswiatowski, Michal"]
[Result "1-0"]
[WhiteElo "2375"]
[BlackElo "2067"]
[PlyCount "69"]
[EventDate "2013.??.??"]

1. e4 c5 2. Nf3 Nc6 3. d4 cxd4 4. Nxd4 Nf6 5. Nc3 d6 6. Bg5 h6 7. Bxf6 gxf6 8.
Bb5 Bd7 9. O-O h5 10. Re1 a6 11. Bxc6 bxc6 12. Nf5 Qa5 13. Qd3 Rb8 14. Rad1 h4
15. b4 Qb6 16. a3 Rd8 17. Re3 Bh6 18. Rf3 Bc8 19. h3 Bg5 20. Qe2 Kf8 21. Rfd3
Bf4 22. Qg4 Bxf5 23. exf5 Be5 24. Ne4 a5 25. Nc5 d5 26. c3 Bb8 27. Kf1 Bd6 28.
Nb3 a4 29. Nd4 Be5 30. Nf3 Qb5 31. c4 Qa6 32. b5 Qb6 33. bxc6 d4 34. Nxd4 Rd6
35. Nb5 1-0

[Event "PERLA BALTYKU"]
[Site "Lazy"]
[Date "2013.07.01"]
[Round "2.5"]
[White "Stankiewicz, Pawel"]
[Black "Bugalski, Michal"]
[Result "0-1"]
[WhiteElo "2070"]
[BlackElo "2161"]
[PlyCount "84"]
[EventDate "2013.??.??"]

1. f4 d5 2. Nf3 Nf6 3. b3 g6 4. Bb2 Bg7 5. e3 O-O 6. Be2 c5 7. O-O Nc6 8. Ne5
Qc7 9. Nxc6 Qxc6 10. Bf3 Bf5 11. g4 Be4 12. Bxe4 dxe4 13. Qe2 Rfd8 14. g5 Ne8
15. Bxg7 Nxg7 16. Na3 Nf5 17. Nc4 f6 18. a4 b6 19. Qg2 Qe6 20. Rad1 Rd5 21. Qg4
Rad8 22. Rde1 Nd4 23. Qxe6+ Nxe6 24. h4 Kf7 25. Re2 h6 26. gxf6 exf6 27. Rff2
Rh5 28. Rh2 Ng7 29. Reg2 Nf5 30. Rg4 Ne7 31. Nb2 Rhd5 32. Rgg2 h5 33. Nd1 R5d7
34. Nc3 f5 35. Nd1 a6 36. Nb2 b5 37. Kf1 Rc7 38. c3 bxa4 39. bxa4 c4 40. a5 Rd5
41. Ke2 Rxa5 42. Rh1 Ra2 0-1

[Event "PERLA BALTYKU"]
[Site "Lazy"]
[Date "2013.07.01"]
[Round "2.6"]
[White "Betkowski, Andrzej"]
[Black "Zielinski, Wojciech"]
[Result "0-1"]
[WhiteElo "2066"]
[BlackElo "2145"]
[PlyCount "120"]
[EventDate "2013.??.??"]

1. d4 e6 2. Nf3 Nf6 3. Nbd2 d5 4. e3 c5 5. c3 Nc6 6. Bd3 Be7 7. O-O O-O 8. Qe2
Qc7 9. dxc5 e5 10. e4 dxe4 11. Nxe4 Nxe4 12. Bxe4 Bg4 13. h3 Bh5 14. Re1 Bxc5
15. Bxc6 Qxc6 16. Nxe5 Bxe2 17. Nxc6 Bb5 18. Ne5 Rfd8 19. a4 Be8 20. Be3 Bf8
21. b3 f6 22. Nf3 Bf7 23. b4 Bb3 24. Bd4 Kf7 25. a5 Bc4 26. Red1 g5 27. Be3 Bd5
28. Rd4 Be7 29. Rad1 Ke6 30. R4d3 Bxf3 31. gxf3 a6 32. Bd4 Kf5 33. Bb6 Rxd3 34.
Rxd3 Ke6 35. Kf1 Rc8 36. Ke2 Bd6 37. Re3+ Kf5 38. Bd4 h5 39. Kd3 h4 40. Re1 Rc7
41. Rb1 Be5 42. b5 axb5 43. Rxb5 Kf4 44. c4 Kxf3 45. Bxe5 fxe5 46. Rxe5 g4 47.
Rf5+ Kg2 48. hxg4 Rh7 49. g5 h3 50. Rb5 h2 51. Rb1 Kxf2 52. Ke4 h1=Q+ 53. Rxh1
Rxh1 54. Kf5 Rc1 55. g6 Rxc4 56. g7 Rc8 57. Kf6 Ke3 58. Kf7 Kd4 59. g8=Q Rxg8
60. Kxg8 Kc5 0-1

[Event "PERLA BALTYKU"]
[Site "Lazy"]
[Date "2013.07.01"]
[Round "2.7"]
[White "Eggink, Mateusz"]
[Black "Eggink, Ryszard"]
[Result "0-1"]
[WhiteElo "2044"]
[BlackElo "2121"]
[PlyCount "60"]
[EventDate "2013.??.??"]

1. e4 c5 2. Nf3 d6 3. d4 cxd4 4. Nxd4 Nf6 5. Nc3 a6 6. Be2 e5 7. Nb3 Be7 8. O-O
O-O 9. Be3 Be6 10. Qd2 b5 11. a4 b4 12. Nd5 Nxe4 13. Nxe7+ Qxe7 14. Qxb4 f5 15.
Na5 Nf6 16. Nb7 f4 17. Bd2 Nc6 18. Qb6 Nd4 19. Bxa6 Nd7 20. Qa5 Nb8 21. Bb4
Rxa6 22. Qxe5 dxe5 23. Bxe7 Rf7 24. Nc5 Rxe7 25. Nxa6 Nxa6 26. c3 Nb3 27. Rad1
Nac5 28. Rfe1 e4 29. f3 e3 30. g3 Nd2 0-1

[Event "PERLA BALTYKU"]
[Site "Lazy"]
[Date "2013.07.01"]
[Round "2.8"]
[White "Sieciechowicz, Marcin"]
[Black "Suliborski, Jakub"]
[Result "1-0"]
[WhiteElo "2462"]
[BlackElo "2007"]
[PlyCount "85"]
[EventDate "2013.??.??"]

1. d4 d5 2. c4 c6 3. Nf3 Nf6 4. Nc3 e6 5. Bg5 dxc4 6. e4 b5 7. e5 h6 8. Bh4 g5
9. Nxg5 hxg5 10. Bxg5 Nbd7 11. g3 Bb7 12. Bg2 Qb6 13. exf6 c5 14. d5 O-O-O 15.
O-O b4 16. Na4 Qb5 17. a3 Ne5 18. axb4 cxb4 19. Qd4 Nc6 20. dxc6 Rxd4 21. cxb7+
Kb8 22. Be3 Rd5 23. Bxa7+ Kxb7 24. Be3 Bh6 25. Nc5+ Kb8 26. Bxd5 exd5 27. Ra4
Bxe3 28. Rxb4 Qxb4 29. Na6+ Kb7 30. Nxb4 Bd4 31. Nxd5 Kc6 32. Ne3 Kb5 33. Rc1
Rc8 34. Nf5 Bc5 35. Rd1 Kb4 36. Rd7 Kb3 37. Rb7+ Kc2 38. g4 Rc6 39. g5 Bb6 40.
Ne3+ Kd3 41. Rxf7 Bd4 42. Rd7 Ke4 43. Rxd4+ 1-0

[Event "PERLA BALTYKU"]
[Site "Lazy"]
[Date "2013.07.01"]
[Round "2.9"]
[White "Ivanova, Karina"]
[Black "Urban, Klaudiusz"]
[Result "0-1"]
[WhiteElo "2014"]
[BlackElo "2462"]
[PlyCount "64"]
[EventDate "2013.??.??"]

1. d4 d6 2. Nf3 Nf6 3. c4 c6 4. Nc3 Nbd7 5. e4 e5 6. Be2 Be7 7. O-O O-O 8. h3
a6 9. Be3 b5 10. a3 Bb7 11. Qc2 exd4 12. Nxd4 g6 13. Rfd1 Re8 14. b4 Qc7 15.
Nb3 bxc4 16. Bxc4 c5 17. bxc5 dxc5 18. Nd5 Nxd5 19. exd5 Nb6 20. Rd2 Qe5 21.
Rad1 Bd6 22. g3 Qh5 23. Kg2 Bc8 24. Rh1 Bf5 25. Bd3 Rxe3 26. fxe3 Bxd3 27. Qxd3
Qe5 28. e4 c4 29. Qe3 cxb3 30. Qxb6 Qxg3+ 31. Kf1 Qf3+ 32. Kg1 Rc8 0-1

[Event "PERLA BALTYKU"]
[Site "Lazy"]
[Date "2013.07.01"]
[Round "2.10"]
[White "Chojnacki, Krzysztof"]
[Black "Adamowicz, Maciej"]
[Result "1-0"]
[WhiteElo "2442"]
[BlackElo "2036"]
[PlyCount "65"]
[EventDate "2013.??.??"]

1. d4 g6 2. c4 Bg7 3. Nc3 c5 4. d5 Bxc3+ 5. bxc3 f5 6. h4 Nf6 7. h5 Rg8 8. hxg6
hxg6 9. Qa4 Qb6 10. Nf3 Ne4 11. Ng5 Nxc3 12. Qc2 Ne4 13. Nxe4 fxe4 14. Qxe4 Qf6
15. Rb1 d6 16. Bb2 Qf7 17. Qf3 Qxf3 18. gxf3 Nd7 19. e3 a6 20. Bd3 b5 21. Rh6
bxc4 22. Rxg6 Rf8 23. Be4 Rb8 24. Ke2 Nb6 25. Bg7 Bf5 26. Bh6 Bxe4 27. fxe4 Rh8
28. Bg5 Kf7 29. Re6 Na4 30. Rxe7+ Kg6 31. Re6+ Kxg5 32. f4+ Kg4 33. Rg6+ 1-0

[Event "PERLA BALTYKU"]
[Site "Lazy"]
[Date "2013.07.01"]
[Round "2.11"]
[White "Malaczek, Mateusz"]
[Black "Aliavdin, Nikolai"]
[Result "0-1"]
[WhiteElo "1849"]
[BlackElo "2349"]
[PlyCount "56"]
[EventDate "2013.??.??"]

1. c4 e5 2. g3 h5 3. d4 exd4 4. Nf3 Nc6 5. Bg2 Bc5 6. a3 a5 7. Nbd2 d5 8. Nb3
Ba7 9. Nbxd4 Nxd4 10. Nxd4 dxc4 11. Qa4+ Kf8 12. Nb5 Bb6 13. Bf4 Be6 14. Bxb7
Rb8 15. Bc6 Ne7 16. Rd1 Qc8 17. Nc3 Nxc6 18. Qxc6 Qe8 19. Qxe8+ Kxe8 20. O-O f6
21. h4 Kf7 22. Rd2 Rhg8 23. Nd5 Rb7 24. Rc1 g5 25. hxg5 fxg5 26. Be5 Bxd5 27.
Rxd5 Ke6 28. Rcd1 c6 0-1

[Event "PERLA BALTYKU"]
[Site "Lazy"]
[Date "2013.07.01"]
[Round "2.12"]
[White "Jarmula, Pawel"]
[Black "Mazalon, Mariusz"]
[Result "1/2-1/2"]
[WhiteElo "2174"]
[BlackElo "2029"]
[PlyCount "104"]
[EventDate "2013.??.??"]

1. e4 c5 2. Nf3 a6 3. c3 d6 4. d4 Qc7 5. h3 g6 6. Bd3 Nd7 7. O-O Bg7 8. Re1 e5
9. dxe5 dxe5 10. c4 b6 11. Nc3 Ngf6 12. b3 O-O 13. Bb2 Bb7 14. Nd5 Bxd5 15.
cxd5 Ne8 16. g4 Nd6 17. Rc1 h6 18. Nh4 b5 19. f4 c4 20. Bb1 Rae8 21. Nf3 f6 22.
f5 g5 23. Kg2 b4 24. bxc4 Nc5 25. Nd2 Rf7 26. Nb3 Ndb7 27. Nxc5 Nxc5 28. Bc2
Rd8 29. Rb1 Bf8 30. a3 a5 31. axb4 axb4 32. Bc1 Rb8 33. Bd2 Na6 34. Qe2 Bc5 35.
Ba4 Qd6 36. Rb3 Ra7 37. Reb1 Nc7 38. Bc6 Ra2 39. R1b2 Rxb2 40. Rxb2 Na6 41. Bb5
Nc7 42. Bc6 Na6 43. Qd1 Ba7 44. Be1 Bd4 45. Rb3 Nc5 46. Bxb4 Rxb4 47. Rxb4 Nxe4
48. Ra4 Bb6 49. c5 Nxc5 50. Ra8+ Kg7 51. Qb1 Bc7 52. Ra7 e4 1/2-1/2

[Event "PERLA BALTYKU"]
[Site "Lazy"]
[Date "2013.07.01"]
[Round "2.13"]
[White "Jacek, Krystian"]
[Black "Nowak, Ryszard"]
[Result "1-0"]
[WhiteElo "2139"]
[BlackElo "2010"]
[PlyCount "101"]
[EventDate "2013.??.??"]

1. e4 c6 2. d4 d5 3. Nc3 dxe4 4. Nxe4 Nd7 5. Nf3 Ndf6 6. Ng3 Bg4 7. Be2 e6 8.
h3 Bxf3 9. Bxf3 Bd6 10. Ne4 Nxe4 11. Bxe4 Nf6 12. Bd3 Qc7 13. Qf3 O-O 14. O-O
Rfe8 15. Bg5 Nd7 16. Rfe1 Be7 17. Bd2 Rad8 18. Rad1 Nf8 19. c3 a6 20. Be4 Rd7
21. Be3 Red8 22. g3 g6 23. h4 e5 24. h5 exd4 25. hxg6 hxg6 26. Bxd4 c5 27. Be3
Rxd1 28. Rxd1 Rxd1+ 29. Qxd1 b6 30. Bf4 Qd8 31. Qxd8 Bxd8 32. Bb7 Ne6 33. Be3
Nc7 34. Kf1 f5 35. b4 cxb4 36. cxb4 a5 37. Bxb6 axb4 38. Bc5 b3 39. axb3 Kf7
40. Ke2 Ke6 41. Bb6 Kd6 42. Kd3 Ne6 43. Bxd8 Nxd8 44. Bg2 Ne6 45. Kc4 f4 46. g4
Ke5 47. b4 Nd4 48. Bb7 Nc2 49. b5 g5 50. Kc5 Ne1 51. f3 1-0

[Event "PERLA BALTYKU"]
[Site "Lazy"]
[Date "2013.07.01"]
[Round "2.14"]
[White "Krainski, Slawomir"]
[Black "Pietruszewski, Marcin"]
[Result "1/2-1/2"]
[WhiteElo "2035"]
[BlackElo "2099"]
[PlyCount "70"]
[EventDate "2013.??.??"]

1. d4 Nf6 2. Bf4 e6 3. e3 b6 4. Nf3 Bb7 5. Nbd2 c5 6. c3 Be7 7. h3 O-O 8. Bd3
d6 9. O-O Nbd7 10. e4 Rc8 11. Qe2 Re8 12. Rfe1 Nf8 13. Bb5 N6d7 14. dxc5 bxc5
15. Rad1 d5 16. Ne5 Nxe5 17. Bxe5 Bc6 18. Bxc6 Rxc6 19. Nf3 Qa5 20. a3 Rd8 21.
Bg3 Bf6 22. Ne5 Bxe5 23. Bxe5 f6 24. exd5 exd5 25. Bg3 Re6 26. Qg4 Qb6 27. b4
c4 28. a4 Rxe1+ 29. Rxe1 d4 30. Re7 Ng6 31. Bc7 Nxe7 32. Bxb6 axb6 33. Qe6+ Kf8
34. Qxb6 Ke8 35. Qb5+ Kf8 1/2-1/2

[Event "PERLA BALTYKU"]
[Site "Lazy"]
[Date "2013.07.01"]
[Round "2.15"]
[White "Nowicki, Bartosz"]
[Black "Galaktionov, Artem"]
[Result "1-0"]
[WhiteElo "2157"]
[BlackElo "1943"]
[PlyCount "129"]
[EventDate "2013.??.??"]

1. e4 e6 2. d4 d5 3. Nd2 Nf6 4. e5 Nfd7 5. Bd3 c5 6. c3 Nc6 7. Ne2 Qb6 8. Nf3
cxd4 9. cxd4 f6 10. exf6 Nxf6 11. O-O Bd6 12. Re1 O-O 13. Ng3 Bd7 14. b3 Bb4
15. Re2 Bc3 16. Bb2 Bxb2 17. Rxb2 g6 18. Bf1 Kg7 19. Qd2 Rac8 20. Re1 a6 21. h4
Qb4 22. Qxb4 Nxb4 23. Ne5 Bb5 24. Bxb5 axb5 25. a4 Nc2 26. Rd1 bxa4 27. bxa4
Rc7 28. Ne2 Ne4 29. f3 Nd6 30. Rc1 Rfc8 31. Rb6 Rd8 32. Nd3 Rc4 33. Kf2 Kf6 34.
Nc5 Nxd4 35. Rxc4 Nxc4 36. Rxb7 Nxe2 37. Kxe2 h5 38. Rc7 Ke5 39. Rc6 Rd6 40.
Nd3+ Kf6 41. Rxd6 Nxd6 42. a5 e5 43. a6 Nb5 44. Nb4 Ke6 45. Nc6 Kd6 46. a7 Nc7
47. Nb4 Na8 48. Nd3 Ke6 49. Kd2 Kf5 50. Kc3 e4 51. fxe4+ Kxe4 52. Nc5+ Ke3 53.
Kb4 d4 54. Kb5 d3 55. Nxd3 Kxd3 56. Kc6 Ke3 57. Kb7 Kf2 58. Kxa8 Kxg2 59. Kb7
Kg3 60. a8=Q Kxh4 61. Kc6 g5 62. Kd5 Kg3 63. Qa3+ Kg2 64. Qb2+ Kf3 65. Qf6+ 1-0

[Event "PERLA BALTYKU"]
[Site "Lazy"]
[Date "2013.07.01"]
[Round "2.16"]
[White "Wasik, Piotr"]
[Black "Kanarek, Marcel"]
[Result "0-1"]
[WhiteElo "1990"]
[BlackElo "2478"]
[PlyCount "72"]
[EventDate "2013.??.??"]

1. e4 c5 2. Nf3 Nc6 3. Bb5 e6 4. Bxc6 bxc6 5. O-O Qc7 6. Re1 Ne7 7. b3 Ng6 8.
Bb2 e5 9. Na3 Be7 10. Nc4 d6 11. Ne3 O-O 12. Nf5 Bf6 13. g3 Ne7 14. N3h4 Nxf5
15. Nxf5 g6 16. Ne3 Bg7 17. Rf1 Bh3 18. Ng2 f5 19. f3 f4 20. c3 d5 21. Qe2 dxe4
22. Qxe4 Rad8 23. Rf2 Kh8 24. g4 Qe7 25. Re1 Qg5 26. c4 Rde8 27. Qxc6 h5 28.
gxh5 Re6 29. Qxc5 gxh5 30. d4 Rg8 31. Ree2 Bf8 32. Qd5 Reg6 33. Qxe5+ Qxe5 34.
dxe5 Bc5 35. e6+ Kh7 36. e7 Rxg2+ 0-1

[Event "PERLA BALTYKU"]
[Site "Lazy"]
[Date "2013.07.01"]
[Round "2.17"]
[White "Janik, Igor"]
[Black "Reza, Wojciech"]
[Result "0-1"]
[WhiteElo "1930"]
[BlackElo "2122"]
[PlyCount "86"]
[EventDate "2013.??.??"]

1. e4 e5 2. Nf3 Nc6 3. Bc4 Be7 4. O-O Nf6 5. Re1 d6 6. c3 Na5 7. Bf1 O-O 8. d4
Nc6 9. h3 a6 10. Na3 exd4 11. cxd4 d5 12. e5 Ne4 13. Nc2 f5 14. Nd2 Be6 15.
Nxe4 dxe4 16. b3 Qd7 17. Bc4 Rad8 18. Bb2 Nb4 19. Qe2 Nxc2 20. Qxc2 c6 21. Rad1
Kh8 22. Bc3 Bd5 23. Be2 f4 24. Bg4 Qe8 25. Rxe4 Bxe4 26. Qxe4 Ba3 27. Be2 Be7
28. f3 a5 29. a4 Bb4 30. Bxb4 axb4 31. Bc4 Qe7 32. Bd3 g6 33. Bc4 Kg7 34. e6
Rf5 35. Re1 Rd6 36. a5 Rxa5 37. Qxf4 Rf5 38. Qe4 b5 39. g4 Rf6 40. g5 Rf5 41.
Bd3 Rxg5+ 42. Kh2 Rgd5 43. Qf4 Rxe6 0-1

[Event "PERLA BALTYKU"]
[Site "Lazy"]
[Date "2013.07.01"]
[Round "2.18"]
[White "Kaczorowski, Piotr"]
[Black "Karwowski, Kacper"]
[Result "1/2-1/2"]
[WhiteElo "2058"]
[BlackElo "1930"]
[PlyCount "100"]
[EventDate "2013.??.??"]

1. Nf3 Nf6 2. g3 b6 3. Bg2 Bb7 4. c4 e6 5. O-O Be7 6. d4 O-O 7. Nc3 Ne4 8. Qc2
Nxc3 9. Qxc3 Bf6 10. b3 c5 11. e3 cxd4 12. Nxd4 Bxg2 13. Kxg2 d5 14. Ba3 Re8
15. Rfd1 Nc6 16. Rac1 Nxd4 17. exd4 dxc4 18. bxc4 Rc8 19. Qd3 Be7 20. d5 Bxa3
21. Qxa3 exd5 22. cxd5 Rxc1 23. Qxc1 Qd6 24. Qc6 Rd8 25. Qxd6 Rxd6 26. Kf3 Kf8
27. Ke4 Ke7 28. Rc1 Kd7 29. Rc3 b5 30. Ra3 a6 31. g4 b4 32. Ra4 Rg6 33. Rxb4
Rxg4+ 34. f4 Rg2 35. Rb7+ Kd6 36. Rb6+ Ke7 37. Rxa6 Rxh2 38. a4 h5 39. Ra7+ Kf6
40. Ra6+ Ke7 41. d6+ Ke6 42. f5+ Kd7 43. Ra7+ Kxd6 44. Rxf7 Rh4+ 45. Kf3 Rxa4
46. Rxg7 Ke5 47. Rh7 Rf4+ 48. Kg3 h4+ 49. Rxh4 Rxh4 50. Kxh4 Kxf5 1/2-1/2

[Event "PERLA BALTYKU"]
[Site "Lazy"]
[Date "2013.07.01"]
[Round "2.19"]
[White "Kowalski, Maciej"]
[Black "Szewczyk, Mariusz"]
[Result "1-0"]
[WhiteElo "1908"]
[BlackElo "2047"]
[PlyCount "139"]
[EventDate "2013.??.??"]

1. d4 Nf6 2. Nf3 e6 3. c4 Bb4+ 4. Nbd2 d5 5. a3 Be7 6. e3 O-O 7. Bd3 b6 8. O-O
Bb7 9. b3 Nbd7 10. Bb2 c5 11. Rc1 Ne4 12. Qe2 Bf6 13. Rfd1 cxd4 14. exd4 Nxd2
15. Nxd2 Nc5 16. Bb1 dxc4 17. dxc5 Bxb2 18. Ne4 Bxc1 19. Rxd8 Raxd8 20. Nd6
cxb3 21. Nxb7 Rd4 22. Qf3 bxc5 23. Qxb3 Bxa3 24. Bc2 Bb4 25. g3 a5 26. Qf3 Rb8
27. Qc6 c4 28. Qc7 Ra8 29. Nc5 Rdd8 30. Na4 Rac8 31. Qf4 c3 32. Qe4 g6 33. h4
h5 34. Nb6 Rc5 35. Nc4 Rdd5 36. Kg2 e5 37. Ne3 Rd4 38. Qb7 Rd8 39. Bb3 Rf8 40.
Qd7 Ba3 41. Qe7 c2 42. Nxc2 Rxc2 43. Qxa3 Re2 44. Qxa5 Re4 45. Qb6 Kg7 46. Qc7
Rb4 47. Qxe5+ Kh7 48. Qe7 Rfb8 49. Qxf7+ Kh6 50. Bc2 R4b6 51. Bxg6 R8b7 52.
Qf4+ Kxg6 53. Qg5+ Kh7 54. Qxh5+ Kg7 55. Qg5+ Rg6 56. Qe5+ Kh7 57. h5 Rgb6 58.
g4 Rb5 59. Qe4+ Kh8 60. Kg3 Rb3+ 61. f3 Rb1 62. Qd4+ Kg8 63. g5 R7b5 64. f4
R5b3+ 65. Kg4 Rb4 66. Qd8+ Kf7 67. Qd7+ Kf8 68. h6 Rb7 69. Qd6+ Kg8 70. Qd5+
1-0

[Event "PERLA BALTYKU"]
[Site "Lazy"]
[Date "2013.07.01"]
[Round "2.20"]
[White "Tselkovskiy, Kirill"]
[Black "Smal, Tobiasz"]
[Result "1/2-1/2"]
[WhiteElo "2027"]
[BlackElo "1893"]
[PlyCount "67"]
[EventDate "2013.??.??"]

1. e4 c5 2. Nf3 d6 3. d4 cxd4 4. Qxd4 Nc6 5. Bb5 Bd7 6. Bxc6 Bxc6 7. Nc3 Nf6 8.
Bg5 e6 9. O-O-O Be7 10. Rhe1 Qa5 11. Qd2 O-O 12. Kb1 Rfd8 13. Nd4 Rac8 14. f4
h6 15. Bxf6 Bxf6 16. g4 Qc5 17. Nb3 Bxc3 18. bxc3 Qa3 19. f5 d5 20. e5 d4 21.
cxd4 Bf3 22. f6 Bxd1 23. Rxd1 Qf8 24. fxg7 Qxg7 25. Qf2 Qg6 26. Nc1 Kf8 27. Nd3
Qxg4 28. Rf1 Rc7 29. Qf6 Qxd4 30. Qxh6+ Ke8 31. Qh8+ Ke7 32. Qf6+ Ke8 33. Qh8+
Ke7 34. Qf6+ 1/2-1/2

[Event "PERLA BALTYKU"]
[Site "Lazy"]
[Date "2013.07.01"]
[Round "2.21"]
[White "Jacek, Roksana"]
[Black "Prazmowski, Bartosz"]
[Result "1-0"]
[WhiteElo "1835"]
[BlackElo "2025"]
[PlyCount "99"]
[EventDate "2013.??.??"]

1. e4 c6 2. d4 d5 3. Nc3 dxe4 4. Nxe4 Nd7 5. Nf3 Ngf6 6. Ng3 e6 7. Bd3 Qc7 8.
O-O Bd6 9. Re1 O-O 10. c4 b6 11. Bd2 Bb7 12. Bc3 Rfd8 13. Ne5 Nf8 14. Qe2 c5
15. dxc5 Bxc5 16. Ne4 Nxe4 17. Bxe4 Bxe4 18. Qxe4 Rac8 19. Rad1 Rxd1 20. Rxd1
Rd8 21. Rxd8 Qxd8 22. g3 Qd1+ 23. Kg2 f6 24. Nd3 f5 25. Qe5 Qg4 26. Nxc5 bxc5
27. f3 Qg6 28. Qxc5 f4 29. Qxa7 fxg3 30. hxg3 Qc2+ 31. Qf2 Qd3 32. Qd4 Qc2+ 33.
Qd2 Qf5 34. Bb4 h5 35. Bxf8 Qxf8 36. b4 Qc8 37. c5 Qa6 38. Kf2 Qc4 39. a4 Kh7
40. Ke3 Kh6 41. a5 h4 42. gxh4 Qxh4 43. Kd3+ g5 44. c6 Qg3 45. Ke4 Qb8 46. f4
Qb5 47. fxg5+ Kg6 48. Qd6 Qe2+ 49. Kd4 Qd2+ 50. Kc5 1-0

[Event "PERLA BALTYKU"]
[Site "Lazy"]
[Date "2013.07.01"]
[Round "2.22"]
[White "Nowak, Maciej"]
[Black "Smieszek, Wojciech"]
[Result "1-0"]
[WhiteElo "2010"]
[BlackElo "1843"]
[PlyCount "109"]
[EventDate "2013.??.??"]

1. d4 Nf6 2. c4 c5 3. d5 e6 4. Nf3 exd5 5. cxd5 d6 6. Nc3 g6 7. Bf4 a6 8. a4
Qc7 9. Qd2 Bg4 10. h3 Bxf3 11. gxf3 h6 12. h4 Nbd7 13. Qe3+ Be7 14. Bxh6 Qa5
15. Rd1 Nb6 16. Bg7 Nc4 17. Qf4 Nh5 18. Qxc4 Nxg7 19. Bh3 Rb8 20. Kf1 b5 21.
axb5 axb5 22. Qf4 Qd8 23. Ne4 Rxh4 24. Bd7+ Kxd7 25. Rxh4 Bxh4 26. Qxd6+ Ke8
27. Qe5+ Kf8 28. Nxc5 Kg8 29. b4 Nf5 30. d6 Qe8 31. Qd5 Bd8 32. e4 Ng7 33. f4
Ne6 34. f5 Nf4 35. Qd4 gxf5 36. e5 Ne6 37. Qd3 Qc6 38. Qxf5 Qh1+ 39. Ke2 Qh5+
40. Qxh5 Nf4+ 41. Ke3 Nxh5 42. Ke4 Rc8 43. f4 Ng3+ 44. Kd5 Ne2 45. Rf1 Nc3+ 46.
Kd4 Na4 47. Rg1+ Kf8 48. Rc1 Bb6 49. Kd5 Bxc5 50. bxc5 b4 51. d7 Rd8 52. Kd6 b3
53. c6 b2 54. Rb1 Nb6 55. Kc7 1-0

[Event "PERLA BALTYKU"]
[Site "Lazy"]
[Date "2013.07.02"]
[Round "3.1"]
[White "Weichhold, Pawel"]
[Black "Bugalski, Michal"]
[Result "1-0"]
[WhiteElo "2382"]
[BlackElo "2161"]
[PlyCount "113"]
[EventDate "2013.??.??"]

1. e4 e5 2. Nf3 Nc6 3. Bb5 Nf6 4. d3 Bc5 5. O-O Nd4 6. Nxd4 Bxd4 7. c3 Bb6 8.
Qf3 c6 9. Ba4 d6 10. h3 h6 11. Nd2 Bc7 12. Bb3 d5 13. Re1 O-O 14. Nf1 Be6 15.
Ng3 Nh7 16. Nf5 Qf6 17. g4 Kh8 18. exd5 Bxf5 19. Qxf5 Qxf5 20. gxf5 cxd5 21.
Bxd5 Rad8 22. Bc4 a6 23. a4 Rd7 24. Ra3 Nf6 25. b4 Ne8 26. Rb3 Nd6 27. Bd5 Bb8
28. Be4 Nxe4 29. dxe4 Rd3 30. Be3 Rc8 31. Bc5 Rxh3 32. Rd1 g6 33. f6 Kg8 34.
Rd7 Bc7 35. Be3 Rf3 36. b5 axb5 37. Rxb5 Rxf6 38. Rc5 Rc6 39. Rxc6 bxc6 40.
Bxh6 Ba5 41. c4 Ra8 42. Be3 Bb4 43. Ra7 Rxa7 44. Bxa7 Ba5 45. c5 f5 46. Bb6 Bc3
47. a5 Bxa5 48. Bxa5 fxe4 49. Bc3 Kf7 50. Bxe5 Ke6 51. Bd4 Kf5 52. Kg2 Kf4 53.
Be3+ Kg4 54. Bd2 Kh4 55. f3 exf3+ 56. Kxf3 g5 57. Ke4 1-0

[Event "PERLA BALTYKU"]
[Site "Lazy"]
[Date "2013.07.02"]
[Round "3.2"]
[White "Zielinski, Wojciech"]
[Black "Majdan-Gajewska. Joanna"]
[Result "1/2-1/2"]
[WhiteElo "2145"]
[BlackElo "2375"]
[PlyCount "80"]
[EventDate "2013.??.??"]

1. b3 Nf6 2. Bb2 g6 3. Nf3 Bg7 4. e3 O-O 5. d4 d6 6. c4 Nbd7 7. d5 c6 8. dxc6
bxc6 9. Be2 a5 10. O-O Nc5 11. Nbd2 Qb6 12. Bc3 Bf5 13. a3 Rab8 14. b4 axb4 15.
axb4 Nce4 16. Nxe4 Nxe4 17. Bxg7 Kxg7 18. Qd4+ Qxd4 19. Nxd4 Rxb4 20. Nxc6 Rb2
21. Bf3 Nd2 22. Nxe7 Bd3 23. Rfd1 Re8 24. Nc6 Bxc4 25. Nd4 d5 26. h4 Re7 27.
Ra5 Ne4 28. Bxe4 dxe4 29. Rc1 Bd3 30. Rca1 Reb7 31. R5a2 Rxa2 32. Rxa2 Kf6 33.
Ra5 h5 34. g3 Rb1+ 35. Kg2 Bf1+ 36. Kh2 Rb2 37. Kg1 Bh3 38. Kh2 Bg4 39. Kg2 Rd2
40. Rc5 Ra2 1/2-1/2

[Event "PERLA BALTYKU"]
[Site "Lazy"]
[Date "2013.07.02"]
[Round "3.3"]
[White "Eggink, Ryszard"]
[Black "Warakomski, Tomasz"]
[Result "0-1"]
[WhiteElo "2121"]
[BlackElo "2488"]
[PlyCount "137"]
[EventDate "2013.??.??"]

1. e4 e5 2. Nf3 Nc6 3. Bb5 a6 4. Ba4 Nf6 5. d3 d6 6. O-O Bd7 7. c3 g6 8. Re1
Bg7 9. Nbd2 O-O 10. Nf1 Re8 11. h3 h6 12. Ng3 b5 13. Bc2 Na5 14. d4 c5 15. d5
c4 16. b4 Nb7 17. a4 a5 18. Ba3 Qc7 19. axb5 Bxb5 20. bxa5 Nd7 21. Qb1 Rxa5 22.
Bb4 Raa8 23. Qb2 Nbc5 24. Rxa8 Rxa8 25. Bxc5 Qxc5 26. Ra1 Rb8 27. Qa3 Bf6 28.
Nf1 Bd8 29. Qxc5 Nxc5 30. Rb1 Ba5 31. Ne3 Na6 32. Nd2 Bxc3 33. Ndxc4 Bb4 34.
Bd3 Bxc4 35. Bxc4 Bc5 36. Rxb8+ Nxb8 37. Nc2 Nd7 38. Kf1 f5 39. Bd3 Nf6 40. f3
f4 41. Ba6 Kf7 42. Bc8 Nh5 43. Ke2 Kf6 44. Ne1 Ng3+ 45. Kd1 Nf1 46. Nc2 Kg5 47.
Ke1 Ng3 48. Na1 Kh4 49. Nb3 Bb6 50. Nc1 Be3 51. Ne2 Nh1 52. Ba6 g5 53. Bb5 Nf2
54. Ba6 h5 55. Bb5 g4 56. hxg4 hxg4 57. Ba6 gxf3 58. gxf3 Kh3 59. Kf1 Kh2 60.
Bb5 Nh1 61. Bd7 Ng3+ 62. Ke1 Kg2 63. Bg4 Bf2+ 64. Kd1 Nf1 65. Nc1 Ne3+ 66. Ke2
Nxg4 67. Nd3 Bh4 68. fxg4 f3+ 69. Kd2 0-1

[Event "PERLA BALTYKU"]
[Site "Lazy"]
[Date "2013.07.02"]
[Round "3.4"]
[White "Shishkin, Vadim"]
[Black "Jacek, Krystian"]
[Result "1-0"]
[WhiteElo "2502"]
[BlackElo "2139"]
[PlyCount "163"]
[EventDate "2013.??.??"]

1. d4 Nf6 2. c4 g6 3. Nc3 Bg7 4. e4 d6 5. Be2 O-O 6. Be3 e5 7. d5 c6 8. Nf3 Na6
9. O-O Ng4 10. Bg5 f6 11. Bh4 h5 12. Ne1 c5 13. Nc2 Nh6 14. h3 Nf7 15. a3 Bh6
16. f3 Bf4 17. Re1 Bd7 18. Bf1 Kh7 19. Rb1 Rg8 20. Ne3 Bg5 21. Bf2 f5 22. Bd3
f4 23. Nf1 Bh4 24. Re2 Bxf2+ 25. Rxf2 g5 26. Nh2 Nh6 27. Be2 Rg6 28. Kf1 Qe7
29. Ke1 Rag8 30. Kd2 g4 31. fxg4 hxg4 32. Nxg4 Nxg4 33. hxg4 Bxg4 34. Bf3 Qh4
35. Qh1 Rh6 36. Qxh4 Rxh4 37. Nb5 Rg6 38. Nxa7 Rh2 39. Ke2 Kh6 40. Nb5 Kh5 41.
Nc3 Kh4 42. Rbf1 Bh5 43. Ke1 Bxf3 44. gxf3 Rgg2 45. Ne2 Rxf2 46. Rxf2 Rh1+ 47.
Rf1 Rh3 48. Kd2 Kg5 49. Rf2 Kf6 50. Nc3 Nc7 51. Kc2 Rh1 52. b4 b6 53. bxc5 bxc5
54. Kb3 Rh8 55. Nb5 Rb8 56. a4 Na6 57. Rh2 Nb4 58. Rh6+ Ke7 59. Re6+ Kf7 60.
Nxd6+ Kg7 61. Nb5 Nd3 62. d6 Ne1 63. Rxe5 Nxf3 64. Rxc5 Nd2+ 65. Kc2 Nxe4 66.
Rf5 Rf8 67. d7 Rd8 68. Rxf4 Nc5 69. a5 Rxd7 70. Rf5 Na6 71. Kc3 Rd1 72. Nd4
Rc1+ 73. Nc2 Rd1 74. Rb5 Kf7 75. Rb6 Nc5 76. Rc6 Ne4+ 77. Kb2 Ke7 78. a6 Rd7
79. Nb4 Nd6 80. Rc5 Ke6 81. Kb3 Ra7 82. Rh5 1-0

[Event "PERLA BALTYKU"]
[Site "Lazy"]
[Date "2013.07.02"]
[Round "3.5"]
[White "Aliavdin, Nikolai"]
[Black "Sieciechowicz, Marcin"]
[Result "1/2-1/2"]
[WhiteElo "2349"]
[BlackElo "2462"]
[PlyCount "80"]
[EventDate "2013.??.??"]

1. e4 e6 2. d4 d5 3. Nc3 Bb4 4. a3 Bxc3+ 5. bxc3 dxe4 6. Qg4 Nf6 7. Qxg7 Rg8 8.
Qh6 c5 9. Ne2 Nc6 10. dxc5 e5 11. Bg5 Ng4 12. Qxc6+ bxc6 13. Bxd8 Kxd8 14. h3
Nf6 15. Ng3 Ke7 16. Kd2 Be6 17. Re1 Rad8+ 18. Kc1 Rd5 19. Nxe4 Nxe4 20. Rxe4
Rxc5 21. c4 f5 22. Rh4 Rg7 23. g4 Bxc4 24. Bxc4 Rxc4 25. Re1 fxg4 26. Rxe5+ Kd6
27. Ra5 Rf4 28. Rxg4 Rgxg4 29. hxg4 Rxg4 30. Rxa7 Rf4 31. Rxh7 Rxf2 32. Rb7 Rf5
33. Kb2 Rb5+ 34. Rxb5 cxb5 35. Kb3 Kc5 36. Kc3 Kc6 37. Kb4 Kb6 38. c3 Kc6 39.
Ka5 Kc5 40. Ka6 Kc6 1/2-1/2

[Event "PERLA BALTYKU"]
[Site "Lazy"]
[Date "2013.07.02"]
[Round "3.6"]
[White "Urban, Klaudiusz"]
[Black "Bednarska-Bzdega, Malgorzata"]
[Result "1-0"]
[WhiteElo "2462"]
[BlackElo "2115"]
[PlyCount "67"]
[EventDate "2013.??.??"]

1. d4 Nf6 2. c4 g6 3. Nf3 Bg7 4. Nc3 d5 5. cxd5 Nxd5 6. e4 Nxc3 7. bxc3 c5 8.
h3 O-O 9. Be2 Nc6 10. Be3 cxd4 11. cxd4 Qa5+ 12. Bd2 Qa3 13. d5 Bxa1 14. Qxa1
Nb4 15. O-O f6 16. Rc1 Na6 17. e5 Bd7 18. Bh6 Nc5 19. Rc3 Qa5 20. Re3 Qd8 21.
Bxf8 Qxf8 22. d6 f5 23. Qd4 Rc8 24. e6 Bxe6 25. Ng5 Bxa2 26. Rxe7 Ne4 27. Nxh7
Qh6 28. g3 Bf7 29. d7 Rd8 30. Nf6+ Kf8 31. Nxe4 Qc1+ 32. Kh2 Qc6 33. Rxf7+ Kxf7
34. Bc4+ 1-0